000 00245nam a2200109Ia 4500
999 _c7949
_d7949
020 _a978-0132719049
100 _aJohn V. Thill
245 0 _aExcellence in Business Communication
260 _aSingapore
_bBPB
_c2002
300 _a950
942 _cBK